00244nam a2200097Ia 4500008004100000100002300041245003100064260003400095260000900129300000800138170620s9999 xx 000 0 und d aPurohit- Jabarnath 0aShiksha aur Bhartiya Samaj bRadha Prakashan Mandir Agra-2 c2010 a128